Rozpoznaj Znaki Ostrzegawcze - Statystyki

Ogólne statystyki
  • Ten quiz został rozwiązany 57 razy
  • Średni wynik to 15 z 43
Statystyki odpowiedzi
Obrazkowy Odpowiedź % Poprawnych
Niebezpieczny Zakręt w Prawo
89%
Rowerzyści
76%
Lotnisko
68%
Sygnały Świetlne
68%
Przejście dla Pieszych
62%
Tramwaj
59%
Boczny Wiatr
57%
Przejazd Kolejowy bez Zapór
54%
Stromy Podjazd
51%
Dzieci
49%
Roboty na Drodze
49%
Zator Drogowy
49%
Przejazd Kolejowy z Zaporami
46%
Próg Zwalniający
43%
Skrzyżowanie Dróg
43%
Wypadek Drogowy
43%
Oszronienie Jezdni
41%
Skrzyżowanie o Ruchu Okrężnym
41%
Zwierzęta Dzikie
41%
Zwierzęta Gospodarskie
41%
Niebezpieczne Pobocze po Prawej Stronie
38%
Ustąp Pierwszeństwa
35%
Nierówna Droga
32%
Odcinek Jezdni o Ruchu Dwukierunkowym
32%
Ruchomy Most
32%
Niebezpieczny Zakręt w Lewo
27%
Niebezpieczne Zakręty-Pierwszy w Lewo
24%
Spadające Odłamki Skalne
24%
Inne Niebezpieczeństwo
22%
Nabrzeże|Brzeg Rzeki
22%
Niebezpieczny Zjazd
22%
Sypki Żwir
22%
Śliska Jezdnia
19%
Niebezpieczne Zakręty-Pierwszy w Prawo
16%
Skrzyżowanie z Drogą Podporządkowaną Występującą Po Obu Stronach
16%
Wlot Drogi Jednokierunkowej z Lewej Strony
14%
Niebezpieczne Pobocze po Lewej Stronie
11%
Wlot Drogi Jednokierunkowej z Prawej Strony
11%
Skrzyżowanie z Drogą Podporządkowaną Występującą po Lewej Stronie
5%
Skrzyżowanie z Drogą Podporządkowaną Występującą po Prawej Stronie
5%
Zwężenie Jezdni-Dwustronnie
3%
Zwężenie Jezdni-Lewostronnie
3%
Zwężenie Jezdni-Prawostronie
3%
Nie znaleziono quizów pasujących do podanych kryteriów
Rozkład punktacji
Procent ludzi z każdym wynikiem
Percentyl według liczby udzielonych odpowiedzi
Twoja historia wyników
Nie rozwiązałeś tego quizu